I found the key to the heart of God: (Record no. 17086)

000 -LEADER
fixed length control field 00534nam a2200169 a 4500
001 - CONTROL NUMBER
control field :::00020791$&:&@@
003 - CONTROL NUMBER IDENTIFIER
control field OkBaRHE
005 - DATE AND TIME OF LATEST TRANSACTION
control field 20100402132058.0
008 - FIXED-LENGTH DATA ELEMENTS--GENERAL INFORMATION
fixed length control field s1975 j 000 0 eng u
040 ## - CATALOGING SOURCE
Transcribing agency
100 1# - MAIN ENTRY--PERSONAL NAME
Personal name Schlink, Basilea
245 10 - TITLE STATEMENT
Title I found the key to the heart of God:
Remainder of title my personal story.
260 ## - PUBLICATION, DISTRIBUTION, ETC. (IMPRINT)
Place of publication, distribution, etc Minneapolis. MINN
Name of publisher, distributor, etc Dimension Books
Date of publication, distribution, etc 1975
300 ## - PHYSICAL DESCRIPTION
Extent 411 p.
942 ## - ADDED ENTRY ELEMENTS (KOHA)
Source of classification or shelving scheme
Koha item type Books
Copies
Koha item type Shelving location Withdrawn status Copy number Source of classification or shelving scheme Not for loan Permanent Location Barcode Lost status Damaged status Full call number Price effective from Date last seen Date acquired
BooksGeneral Stacks 1  RHEMA Bible Training College20791  BX 8080 .S248 A36132010-04-142010-04-142010-04-14